MARC

LEADER 00000nam0a2200000 4500
001 197922
005 20231101224801.0
010 |a 5020142786 
020 |a RU  |b 91-7380 
035 |a (RuTPU)RU\TPU\book\215887 
090 |a 197922 
100 |a 20110620d1991 km y0rusy5003 ca 
101 0 |a rus 
102 |a RU 
105 |a y z 001zy 
200 1 |a Некоторые вопросы теории дифференциальных уравнений и приложения в механике  |f Н. П. Векуа 
210 |a Москва  |c Наука  |d 1991 
215 |a 256 с. 
320 |a Предм. указ.: с. 254-255. 
606 1 |a Механика теоретическая  |2 stltpush  |3 (RuTPU)RU\TPU\subj\59441  |9 76991 
610 1 |a теоретическая механика 
610 1 |a математические методы 
610 1 |a дифференциальные уравнения 
610 1 |a решения 
610 1 |a материальная точка 
610 1 |a движение 
610 1 |a колебания 
610 1 |a тела переменной массы 
610 1 |a космическое движение 
610 1 |a специальная теория относительности 
675 |a 531  |z rus 
700 1 |a Векуа  |b Н. П.  |g Николай Петрович 
801 0 |a RU  |b RuMRKP  |c 19950417  |g psbo 
801 1 |a RU  |b 63413507  |c 20110620 
801 2 |a RU  |b 63413507  |c 20171009  |g RCR 
942 |c BK